• 首页
  • 本馆介绍
  • 公告通知
  • 最新文献
  • 馆藏检索
  • 电子资源
  • 读者导购
  • 参考咨询
  • 我的图书馆
  • 登录
  • 详细信息显示
  • 放入我的书架
  • 预约/预借图书
  • 作者相关作品
  • 分类相关作品
  • 丛书相关作品
  • 出版社相关作品

书目信息

  • 表格格式
  • 工作单格式
  • 卡片格式
题名:
中国历史学习手册
    
 
作者: 尹世霖 编著
分册:  
出版信息: 北京   中国少年儿童出版社  1985.1
页数: 258页
开本: 20cm
丛书名: 少年百科丛书
单 册:
中图分类: K2-62 , K-62
科图分类:
主题词: 历史 , 地理
电子资源:
ISBN:
000 00576nam0 2200217 45
001 1571616168
005 20170926140914.75
010    @dCNY1.40
100    @a20031222d1985 km y0chiy0120 ea
101    @achi
200 1  @a中国历史学习手册@AZhong Guo Li Shi Xue Xi Shou Ce@f尹世霖编著@FYin Shi Lin Bian Zhu
210    @a北京@c中国少年儿童出版社@d1985.1
215    @a258页@c彩图@d20cm
225 2  @a少年百科丛书
606 0  @a历史
606 0  @a地理
690    @aK2-62@v3
690    @aK-62@v4
701 0  @a尹世霖@4编著
801    @aCN@bTSSF@c20150203
905    @aZUCC@dK-62@eJY10
    
    中国历史学习手册/尹世霖编著.-北京:中国少年儿童出版社,1985.1
    258页:彩图;20cm.-(少年百科丛书)
    
    
    ISBN :CNY1.40
    
●
相关链接 在E读中查询图书 在五车中查询图书 在当当中查询图书 在豆瓣中查询图书


正题名:中国历史学习手册     索取号:K-62/JY10         预约/预借

序号 登录号 条形码 馆藏地/架位号 状态 备注
1 7841030   278410300   学院路分馆/ [索取号:K-62/JY10] 在馆    
唐山师范学院图书馆 欢迎您!
大连网信软件有限公司© 版权所有